Państwa, których liczba ludności skurczy się najbardziej do 2070 r. - Statystyki

Ogólne statystyki
  • Ten quiz został rozwiązany 4 962 razy
  • Średni wynik to 12 z 20
Statystyki odpowiedzi
% Kraj % Poprawnych
25,6 Polska
97%
28,0 Ukraina
82%
23,4 Chiny
72%
27,2 Japonia
71%
31,1 Litwa
68%
22,0 Estonia
67%
33,6 Łotwa
67%
24,4 Włochy
66%
23,8 Grecja
65%
20,8 Białoruś
64%
21,3 Rumunia
63%
34,0 Serbia
63%
29,6 Chorwacja
61%
37,5 Bułgaria
60%
30,2 Korea Południowa
57%
27,6 Bośnia i Hercegowina
55%
29,9 Albania
54%
21,0 Macedonia Północna
51%
23,9 Kuba
16%
32,2 Jamajka
11%
Nie znaleziono quizów pasujących do podanych kryteriów
Rozkład punktacji
Procent ludzi z każdym wynikiem
Percentyl według liczby udzielonych odpowiedzi
Twoja historia wyników
Nie rozwiązałeś tego quizu